1985 1164 1811 1579 1635 1029 1307 1139 1342 1622 1600 1362 1814 1677 1547 1072 1892 1756 1028 1970 1986 1086 1317 1793 1944 1322 1287 1123 1388 1268 1860 1467 1578 1455 1557 1268 1424 1835 1581 1400 1040 1068 1407 1429 1993 1730 1038 1605 1419 1222 1484 1519 1847 1649 1981 1953 1772 1349 1213 1974 1476 1059 1899 1131 1724 1293 1845 1115 1165 1118 1814 1166 1091 1765 1294 1511 1440 1285 1233 1656 1770 1164 1762 1305 1044 1071 1493 1444 1753 1889 1946 1817 1969 1724 1518 1158 1330 1902 1602 BCNSPRNW ULIB Ver.6.0+V

เปลี่ยนเป็นภาษาไทย

Change to English
 แสดงรายละเอียดบรรณานุกรม
  กลับหน้าหลัก

Brief Record : Get Marc (ISO 2709) : E-mail record : QR code < ปิดหน้าต่าง
LEADER : 00000nam 2200000uu 4500
001    13399114302
003     ULIB
008    120321s2553||||th 000 0 tha d
020    ^a9786160601356
090    ^aนว.^bร155ค 2553
100 0  ^aรวมนักเขียน
245 00 ^aความรู้สึกดีที่เรียกว่ารัก : รวมนักเขียน/^cรวมนักเขียน
250    ^aพิมพ์ครั้งที่ 2
260    ^aกรุงเทพฯ :^bแจ่มใส,^c2553
300    ^a278 หน้า
710 1  ^aแจ่มใส
945    ^p169^l0^i17085
995    ^aกัณชพร
999    ^aใช้งานได้ทุกระบบ
รายการนี้ยังไม่มีแท็ก
คุณยังไม่ได้ล็อกอิน คุณสามารถมีกิจกรรมร่วมกับเว็บไซต์ได้ แต่ต้องล็อกอินก่อน ::
  ล็อกอิน

รายการสื่อสารสนเทศ

ลำดับที่ ประเภท เลขเรียก/บาร์โค้ด สถานที่ สถานะ
1. นวนิยาย
นวนิยาย
นว. ร155ค 2553  
  Barcode: 17085
ห้องสมุดวิทยาเขตสวรรค์ประชารักษ์
►นวนิยาย
บนชั้น
  ขอยืม

รายการใกล้เคียง
    ผู้แต่ง [รวมนักเขียน]

BibComment


ยังไม่เคยถูกคอมเมนท์

คอมเมนท์ทรัพยากรรายการนี้
  คอมเมนท์: ความรู้สึกดีที่เ..


 Copyright 2026. Bcnsprnw @Library